Využitie poznatkov procesného a znalostného manažmentu (Process and Knowledge Management) v integrácii logistického reťazca podniku

Súvzťažnosti podnikovej logistiky a integrácie logistického reťazca. Procesný a znalostný manažment (Process and Knowledge Management) v integrovanom logistickom reťazci. Súčasné trendy vo vývoji logistiky a jej integrovaného logistického reťazca. Ideový zámer synergizácie a tvorby normatívneho mode...

ver descrição completa

Na minha lista:
Detalhes bibliográficos
Autor principal: Dupaľ, Andrej
Outros Autores: Melich, Pavel
Formato: Capítulo de Livro
Idioma:eslovaco
Assuntos:
Tags: Adicionar Tag
Sem tags, seja o primeiro a adicionar uma tag!

MARC

LEADER 00000naa$a2200000$$$4500
001 0260165
005 20240502074120.8
041 0 |a slo 
044 |a SK 
245 1 0 |a Využitie poznatkov procesného a znalostného manažmentu (Process and Knowledge Management) v integrácii logistického reťazca podniku  |c Andrej Dupaľ, Pavel Melich 
520 |a Súvzťažnosti podnikovej logistiky a integrácie logistického reťazca. Procesný a znalostný manažment (Process and Knowledge Management) v integrovanom logistickom reťazci. Súčasné trendy vo vývoji logistiky a jej integrovaného logistického reťazca. Ideový zámer synergizácie a tvorby normatívneho modelu integrácie logistického reťazca v podniku. 
610 2 0 |a podnik 
610 2 0 |a manažment znalostný 
610 2 0 |a riadenie procesné 
610 2 0 |a logistika 
100 1 |a Dupaľ, Andrej 
700 1 |a Melich, Pavel